🇬🇧🍺 British Beer - Sudden Death - Statistics

General Stats
  • This quiz has been taken 997 times
  • The average score is 8 of 18
Answers on the Grid
Answers color-coded by a green-red scale on the quiz's grid according to % correct below.
Amstel
Asahi
Banks's
Boddingtons
Brains
Bulmers
Carling
Carlsberg
Cobra
Coors
Doom Bar
Fosters
Fuller's
Ghost Ship
Guinness
Hobgoblin
John Smith's
Labatt
McEwan's
Michelob
Murphy's
Newcastle Brown Ale
Oakham Ales
Red Stripe
Sam Adams
Samuel Smith
Strongbow
Tennent's
Tetley's
Tiny Rebel
 
Answer Stats
Answer % Correct
Boddingtons
61%
Newcastle Brown Ale
61%
Carling
58%
John Smith's
51%
Hobgoblin
45%
Strongbow
45%
Bulmers
44%
Tennent's
44%
Banks's
43%
Fuller's
43%
Doom Bar
42%
McEwan's
38%
Tetley's
38%
Brains
33%
Ghost Ship
31%
Samuel Smith
31%
Oakham Ales
30%
Tiny Rebel
20%
No matching quizzes found
Score Distribution
Percent of People with Each Score
Percentile by Number Answered
Your Score History
You have not taken this quiz